Viaje alas ruinas del fuerte del sombrero, hecho en mayo de 1875 por Agustín Rivera.

Detalles Bibliográficos
Formato: Libro
Publicado: San Juan de los Lagos 1875
Materias:
Colección:Banco de datos
Acervo:Biblioteca del Ex Convento de Nuestra Señora de Guadalupe. Zacatecas
Tema general:Literatura
Notas:Regular. XXXIV, 3, 18 (9537).
LEADER 00684nam a22001810004500
035 |a 49616 
036 |a 10800 
245 1 0 |a Viaje alas ruinas del fuerte del sombrero, hecho en mayo de 1875 por Agustín Rivera. 
260 |a San Juan de los Lagos  |b imp. José Martín  |c 1875 
500 |a Regular. XXXIV, 3, 18 (9537). 
650 1 0 |a Literatura 
949 |a CRZ-CG 
959 |a Ex convento de Nuestra Señora de Guadalupe, Museo Regional de Zacatecas, Zacatecas  |b CCC4 
960 |a Convento de Nuestra Señora de Guadalupe, Zacatecas  |b DD87 
961 |a Franciscana  |b OF 
942 |c CRZ-CG 
943 |g Biblioteca del Ex Convento de Nuestra Señora de Guadalupe. Zacatecas 
999 |c 973743  |d 973743